Návrh zásad zákona o sociálnom poistení prešiel pripomienkovým konaním
Charakteristika návrhu zásad zákona o sociálnom poistení. Sociálne poistenie bude zahŕňať nemocenské, dôchodkové a úrazové poistenie. Nákladnosť dnešného systému poistenia. Alarmujúce znižovanie počtu ekonomicky aktívnych obyvateľov SR. Tri alternatívy vývoja dôchodkového poistenia. Vyrátanie mesačn...
Salvato in:
| Autore principale: | |
|---|---|
| Natura: | Capitolo di libro |
| Lingua: | slovacco |
| Soggetti: | |
| Tags: |
Nessun Tag, puoi essere il primo ad aggiungerne!!
|
MARC
| LEADER | 00000naa a2200000 4500 | ||
|---|---|---|---|
| 001 | r021607 | ||
| 005 | 20230921075228.8 | ||
| 041 | 0 | |a slo | |
| 044 | |a SK | ||
| 245 | 1 | 0 | |a Návrh zásad zákona o sociálnom poistení prešiel pripomienkovým konaním |c P. Suďa |
| 520 | |a Charakteristika návrhu zásad zákona o sociálnom poistení. Sociálne poistenie bude zahŕňať nemocenské, dôchodkové a úrazové poistenie. Nákladnosť dnešného systému poistenia. Alarmujúce znižovanie počtu ekonomicky aktívnych obyvateľov SR. Tri alternatívy vývoja dôchodkového poistenia. Vyrátanie mesačného starobného dôchodku. Príjmy a výdavky Sociálnej poisťovne na dôchodkové poistenie v r. 1996-2010. Prognóza demografického vývoja v SR v r. 1994-2014. | ||
| 610 | 2 | 0 | |a Slovensko |
| 610 | 2 | 0 | |a Sociálna poisťovňa, a.s. Bratislava |
| 610 | 2 | 0 | |a MPSVR SR Bratislava |
| 610 | 2 | 0 | |a poistenie sociálne |
| 610 | 2 | 0 | |a poistenie dôchodkové |
| 610 | 2 | 0 | |a zákony |
| 610 | 2 | 0 | |a vývoj populačný |
| 610 | 2 | 0 | |a dôchodky starobné |
| 610 | 2 | 0 | |a príjmy |
| 610 | 2 | 0 | |a výdavky |
| 610 | 2 | 0 | |a prognózy demografické |
| 610 | 2 | 0 | |a prognózy dlhodobé |
| 610 | 2 | 0 | |a 1994-2014 |
| 610 | 2 | 0 | |a 1996-2010 |
| 100 | 1 | |a Suďa, P. | |